Vývoj cien, miezd a dôchodkov a ich vplyv na kvalitu života vybraných štátov diplomová práca

Salvato in:
Dettagli Bibliografici
Autore principale: Uková, Lucia
Ente Autore: Národohospodárska fakulta EU. Katedra hospodárskej politiky
Altri autori: Holková, Vieroslava
Natura: Libro
Lingua:slovacco
Pubblicazione: Bratislava 2010
Tags: Aggiungi Tag
Nessun Tag, puoi essere il primo ad aggiungerne!!

MARC

LEADER 00000nam a2200000 4500
001 0120338
005 20240318123901.6
041 0 |a slo 
044 |a SK 
245 1 0 |a Vývoj cien, miezd a dôchodkov a ich vplyv na kvalitu života vybraných štátov  |b diplomová práca  |c Lucia Uková ; škol. Vieroslava Holková 
264 1 |a Bratislava  |c 2010 
300 |a 63 s. 
100 1 |a Uková, Lucia 
700 1 |a Holková, Vieroslava 
710 2 |a Národohospodárska fakulta EU. Katedra hospodárskej politiky